| 000 -LEADER |
| fixed length control field |
00785nam a22001817a 4500 |
| 020 ## - INTERNATIONAL STANDARD BOOK NUMBER |
| ISBN |
155532360X |
| 082 ## - DEWEY DECIMAL CLASSIFICATION NUMBER |
| Classification number |
523.41 |
| Item number |
As8328 1989 |
| 100 ## - MAIN ENTRY--AUTHOR NAME |
| Personal name |
Asimov, Asimov, author. |
| 245 ## - TITLE STATEMENT |
| Title |
Mercury, the quick planet / by Isaac Asimov. |
| 260 ## - PUBLICATION, DISTRIBUTION, ETC. (IMPRINT) |
| Place of publication |
Milwaukee : |
| Name of publisher |
Gareth Stevens |
| Year of publication |
©1989. |
| 300 ## - PHYSICAL DESCRIPTION |
| Number of Pages |
1 online resource, 32 pages ; |
| Other physical details |
color illustration. |
| 490 ## - SERIES STATEMENT |
| Series statement |
Isaac Asimov's library of the universe Asimov, Isaac, 1920-1992. Library of the universe. |
| 500 ## - GENERAL NOTE |
| General note |
Includes bibliographical reference and index. |
| 520 ## - SUMMARY, ETC. |
| Summary, etc |
Describes the characteristics of the small planet closest to the sun whose day is twice as long as its year. |
| 650 ## - SUBJECT ADDED ENTRY--TOPICAL TERM |
| Topical Term |
Mercury (Planet)--Juvenile literature. |
| 650 ## - SUBJECT ADDED ENTRY--TOPICAL TERM |
| Topical Term |
Children's nonfiction Juvenile works Mercury (Planet). |
| 942 ## - ADDED ENTRY ELEMENTS (KOHA) |
| Koha item type |
Electronic Books |